00571nam a2200157Ia 4500008004100000100002400041245007200065245005400137260004900191260000900240300001100249650001300260856004800273999001900321952007300340170221s9999 xx 000 0 und d aWesnser, Bradley S. 3aAn analysis of reliability and resilience in high reliability teams cBradley S. Wesnser, Sam Houston State University. bJournal of Management and Marketing Research c2012 a32 : 4 xBusiness uhttp://www.aabri.com/manuscripts/142071.pdf c311212d311212 001040aCLbCLd2017-02-21l0r2017-02-21 00:00:00w2017-02-21yFOJ